Entrepreneurship Management (Record no. 96241)

MARC details
000 -LEADER
fixed length control field 00579nam a2200229Ia 4500
005 - DATE AND TIME OF LATEST TRANSACTION
control field 20230418133318.0
008 - FIXED-LENGTH DATA ELEMENTS--GENERAL INFORMATION
fixed length control field 230125s9999 xx 000 0 und d
020 ## - INTERNATIONAL STANDARD BOOK NUMBER
International Standard Book Number 9789351102182
041 ## - LANGUAGE CODE
Language code of text/sound track or separate title eng
082 ## - DEWEY DECIMAL CLASSIFICATION NUMBER
Classification number 658.421
Item number SHA
100 ## - MAIN ENTRY--PERSONAL NAME
Author Sharma G
245 ## - TITLE STATEMENT
Title Entrepreneurship Management
250 ## - EDITION STATEMENT
Edition statement 1st Ed.
260 ## - PUBLICATION, DISTRIBUTION, ETC.
Date of publication, distribution, etc. 2015
Name of publisher, distributor, etc. Shroff publisher and distributors
Place of publication, distribution, etc. Mumbai
300 ## - PHYSICAL DESCRIPTION
Extent 171p
500 ## - GENERAL NOTE
Keywords Entrepreneurship
650 ## - SUBJECT ADDED ENTRY--TOPICAL TERM
Topical term or geographic name entry element Entrepreneurship
700 ## - ADDED ENTRY--PERSONAL NAME
Personal name Sharma G & Dalvi M
942 ## - ADDED ENTRY ELEMENTS (KOHA)
Koha item type Books
906 ## - LOCAL DATA ELEMENT F, LDF (RLIN)
b 56
Holdings
Withdrawn status Lost status Damaged status Not for loan Home library Current library Date acquired Vendor Net Price Bill number Total Checkouts Full call number Barcode Date last seen Actual Price Bill Date Koha item type Original Barcode
        Smt. Hiraben Nanavati Institute of Management & Research for Women Smt. Hiraben Nanavati Institute of Management & Research for Women 07/01/2020 Forward Books 200.00 11164   658.421 SHA B19527 HIMR-BK-19527 25/01/2023 144.00 25/01/2023 Books B19527
        Smt. Hiraben Nanavati Institute of Management & Research for Women Smt. Hiraben Nanavati Institute of Management & Research for Women 07/01/2020 Forward Books 200.00 11164   658.421 SHA B19528 HIMR-BK-19528 25/01/2023 144.00 25/01/2023 Books B19528
        Smt. Hiraben Nanavati Institute of Management & Research for Women Smt. Hiraben Nanavati Institute of Management & Research for Women 07/01/2020 Forward Books 200.00 11164   658.421 SHA B19529 HIMR-BK-19529 25/01/2023 144.00 25/01/2023 Books B19529
        Smt. Hiraben Nanavati Institute of Management & Research for Women Smt. Hiraben Nanavati Institute of Management & Research for Women 07/01/2020 Forward Books 200.00 11164   658.421 SHA B19530 HIMR-BK-19530 25/01/2023 144.00 25/01/2023 Books B19530
        Smt. Hiraben Nanavati Institute of Management & Research for Women Smt. Hiraben Nanavati Institute of Management & Research for Women 07/01/2020 Forward Books 200.00 11164   658.421 SHA B19531 HIMR-BK-19531 25/01/2023 144.00 25/01/2023 Books B19531